Wszystkie polskie miasta z butelkomatami - Statystyki

Ogólne statystyki
  • Ten quiz został rozwiązany 19 razy
  • Średni wynik to 75 z 354
Statystyki odpowiedzi
Województwo Miasto % Poprawnych
Mazowieckie Warszawa
71%
Śląskie Gliwice
59%
Śląskie Katowice
53%
Małopolskie Kraków
53%
Dolnośląskie Wrocław
53%
Śląskie Bytom
47%
Śląskie Chorzów
47%
Śląskie Częstochowa
47%
Warmińsko-mazurskie Elbląg
47%
Warmińsko-mazurskie Ełk
47%
Świętokrzyskie Kielce
47%
Łódzkie Łódź
47%
Dolnośląskie Lubin
47%
Warmińsko-mazurskie Olsztyn
47%
Opolskie Opole
47%
Wielkopolskie Ostrów Wielkopolski
47%
Wielkopolskie Poznań
47%
Śląskie Ruda Śląska
47%
Lubuskie Zielona Góra
47%
Kujawsko-pomorskie Bydgoszcz
41%
Lubelskie Chełm
41%
Pomorskie Gdynia
41%
Wielkopolskie Gniezno
41%
Lubuskie Gorzów Wielkopolski
41%
Dolnośląskie Jelenia Góra
41%
Wielkopolskie Koło
41%
Zachodniopomorskie Kołobrzeg
41%
Wielkopolskie Konin
41%
Lubelskie Lublin
41%
Wielkopolskie Piła
41%
Lubelskie Puławy
41%
Mazowieckie Radom
41%
Podkarpackie Rzeszów
41%
Zachodniopomorskie Świnoujście
41%
Zachodniopomorskie Szczecin
41%
Kujawsko-pomorskie Toruń
41%
Śląskie Zabrze
41%
Dolnośląskie Zgorzelec
41%
Śląskie Żory
41%
Podlaskie Białystok
35%
Śląskie Bielsko-Biała
35%
Pomorskie Gdańsk
35%
Warmińsko-mazurskie Giżycko
35%
Dolnośląskie Głogów
35%
Kujawsko-pomorskie Grudziądz
35%
Śląskie Jaworzno
35%
Wielkopolskie Kalisz
35%
Dolnośląskie Kłodzko
35%
Opolskie Kluczbork
35%
Zachodniopomorskie Koszalin
35%
Podkarpackie Krosno
35%
Pomorskie Lębork
35%
Dolnośląskie Legnica
35%
Wielkopolskie Leszno
35%
Podlaskie Łomża
35%
Lubuskie Nowa Sól
35%
Mazowieckie Ostrołęka
35%
Świętokrzyskie Ostrowiec Świętokrzyski
35%
Małopolskie Oświęcim
35%
Mazowieckie Otwock
35%
Łódzkie Piotrków Trybunalski
35%
Śląskie Racibórz
35%
Łódzkie Sieradz
35%
Świętokrzyskie Skarżysko-Kamienna
35%
Pomorskie Sopot
35%
Śląskie Sosnowiec
35%
Pomorskie Ustka
35%
Dolnośląskie Wałbrzych
35%
Pomorskie Wejherowo
35%
Pomorskie Władysławowo
35%
Małopolskie Zakopane
35%
Śląskie Zawiercie
35%
Łódzkie Aleksandrów Łódzki
29%
Śląskie Będzin
29%
Opolskie Brzeg
29%
Pomorskie Bytów
29%
Pomorskie Chojnice
29%
Mazowieckie Ciechanów
29%
Śląskie Dąbrowa Górnicza
29%
Warmińsko-mazurskie Iława
29%
Kujawsko-pomorskie Inowrocław
29%
Opolskie Kędzierzyn-Koźle
29%
Pomorskie Kościerzyna
29%
Mazowieckie Legionowo
29%
Pomorskie Malbork
29%
Śląskie Mysłowice
29%
Małopolskie Nowy Targ
29%
Opolskie Nysa
29%
Dolnośląskie Oława
29%
Dolnośląskie Oleśnica
29%
Warmińsko-mazurskie Olsztynek
29%
Świętokrzyskie Opatów
29%
Mazowieckie Płock
29%
Dolnośląskie Polkowice
29%
Mazowieckie Pruszków
29%
Podkarpackie Przemyśl
29%
Wielkopolskie Rawicz
29%
Śląskie Rybnik
29%
Podkarpackie Sanok
29%
Śląskie Siemianowice Śląskie
29%
Podkarpackie Stalowa Wola
29%
Świętokrzyskie Starachowice
29%
Zachodniopomorskie Stargard
29%
Podlaskie Suwałki
29%
Zachodniopomorskie Szczecinek
29%
Małopolskie Tarnów
29%
Podkarpackie Ustrzyki Dolne
29%
Małopolskie Wieliczka
29%
Kujawsko-pomorskie Włocławek
29%
Lubuskie Żary
29%
Dolnośląskie Złotoryja
29%
Kujawsko-pomorskie Aleksandrów Kujawski
24%
Podlaskie Augustów
24%
Lubelskie Biała Podlaska
24%
Małopolskie Bochnia
24%
Warmińsko-mazurskie Braniewo
24%
Małopolskie Chrzanów
24%
Śląskie Czechowice-Dziedzice
24%
Lubuskie Gubin
24%
Podkarpackie Jarosław
24%
Podkarpackie Jasło
24%
Śląskie Jastrzębie-Zdrój
24%
Dolnośląskie Kamienna Góra
24%
Zachodniopomorskie Kamień Pomorski
24%
Śląskie Kłobuck
24%
Wielkopolskie Kościan
24%
Lubuskie Kostrzyn nad Odrą
24%
Opolskie Krapkowice
24%
Pomorskie Łeba
24%
Podkarpackie Lesko
24%
Łódzkie Łowicz
24%
Dolnośląskie Lubań
24%
Warmińsko-mazurskie Mrągowo
24%
Małopolskie Myślenice
24%
Opolskie Namysłów
24%
Mazowieckie Nowy Dwór Mazowiecki
24%
Małopolskie Nowy Sącz
24%
Wielkopolskie Oborniki
24%
Warmińsko-mazurskie Olecko
24%
Warmińsko-mazurskie Ostróda
24%
Łódzkie Pabianice
24%
Mazowieckie Piaseczno
24%
Śląskie Piekary Śląskie
24%
Pomorskie Puck
24%
Łódzkie Radomsko
24%
Pomorskie Reda
24%
Pomorskie Rumia
24%
Świętokrzyskie Sandomierz
24%
Mazowieckie Siedlce
24%
Łódzkie Skierniewice
24%
Pomorskie Słupsk
24%
Pomorskie Starogard Gdański
24%
Opolskie Strzelce Opolskie
24%
Lubelskie Świdnik
24%
Lubuskie Świebodzin
24%
Kujawsko-pomorskie Świecie
24%
Śląskie Świętochłowice
24%
Podkarpackie Tarnobrzeg
24%
Pomorskie Tczew
24%
Łódzkie Tomaszów Mazowiecki
24%
Śląskie Tychy
24%
Łódzkie Wieluń
24%
Śląskie Wodzisław Śląski
24%
Lubuskie Żagań
24%
Łódzkie Zduńska Wola
24%
Łódzkie Zgierz
24%
Wielkopolskie Złotów
24%
Śląskie Żywiec
24%
Małopolskie Andrychów
18%
Warmińsko-mazurskie Bartoszyce
18%
Łódzkie Bełchatów
18%
Mazowieckie Białobrzegi
18%
Małopolskie Brzesko
18%
Podkarpackie Brzozów
18%
Świętokrzyskie Busko-Zdrój
18%
Kujawsko-pomorskie Chełmno
18%
Wielkopolskie Chodzież
18%
Śląskie Czeladź
18%
Śląskie Czerwionka-Leszczyny
18%
Pomorskie Człuchów
18%
Zachodniopomorskie Drawsko Pomorskie
18%
Lubuskie Drezdenko
18%
Opolskie Głubczyce
18%
Warmińsko-mazurskie Gołdap
18%
Zachodniopomorskie Goleniów
18%
Mazowieckie Grodzisk Mazowiecki
18%
Zachodniopomorskie Gryfino
18%
Śląskie Knurów
18%
Łódzkie Konstantynów Łódzki
18%
Łódzkie Kutno
18%
Pomorskie Kwidzyn
18%
Warmińsko-mazurskie Lidzbark Warmiński
18%
Kujawsko-pomorskie Lipno
18%
Lubuskie Międzyrzecz
18%
Mazowieckie Mińsk Mazowiecki
18%
Kujawsko-pomorskie Nakło nad Notecią
18%
Małopolskie Niepołomice
18%
Podkarpackie Nisko
18%
Mazowieckie Ostrów Mazowiecka
18%
Opolskie Ozimek
18%
Mazowieckie Pionki
18%
Warmińsko-mazurskie Pisz
18%
Zachodniopomorskie Police
18%
Pomorskie Pruszcz Gdański
18%
Mazowieckie Pułtusk
18%
Śląskie Skoczów
18%
Lubuskie Słubice
18%
Wielkopolskie Śrem
18%
Świętokrzyskie Staszów
18%
Zachodniopomorskie Świdwin
18%
Wielkopolskie Szamotuły
18%
Warmińsko-mazurskie Szczytno
18%
Dolnośląskie Szklarska Poręba
18%
Śląskie Tarnowskie Góry
18%
Kujawsko-pomorskie Tuchola
18%
Śląskie Ustroń
18%
Małopolskie Wadowice
18%
Wielkopolskie Wągrowiec
18%
Mazowieckie Warka
18%
Mazowieckie Węgrów
18%
Wielkopolskie Września
18%
Dolnośląskie Ząbkowice Śląskie
18%
Lubelskie Zamość
18%
Kujawsko-pomorskie Żnin
18%
Zachodniopomorskie Barlinek
12%
Podlaskie Bielsk Podlaski
12%
Dolnośląskie Bogatynia
12%
Małopolskie Chełmek
12%
Kujawsko-pomorskie Chełmża
12%
Małopolskie Dąbrowa Tarnowska
12%
Lubelskie Dęblin
12%
Warmińsko-mazurskie Dobre Miasto
12%
Mazowieckie Garwolin
12%
Opolskie Głuchołazy
12%
Kujawsko-pomorskie Golub-Dobrzyń
12%
Wielkopolskie Gostyń
12%
Mazowieckie Gostynin
12%
Podlaskie Grajewo
12%
Wielkopolskie Grodzisk Wielkopolski
12%
Lubelskie Hrubieszów
12%
Wielkopolskie Jarocin
12%
Mazowieckie Józefów
12%
Warmińsko-mazurskie Kętrzyn
12%
Mazowieckie Konstancin-Jeziorna
12%
Mazowieckie Kozienice
12%
Dolnośląskie Kudowa-Zdrój
12%
Podkarpackie Łańcut
12%
Podlaskie Łapy
12%
Łódzkie Łask
12%
Podkarpackie Leżajsk
12%
Mazowieckie Łomianki
12%
Śląskie Lubliniec
12%
Wielkopolskie Luboń
12%
Mazowieckie Maków Mazowiecki
12%
Mazowieckie Marki
12%
Małopolskie Miechów
12%
Zachodniopomorskie Międzyzdroje
12%
Mazowieckie Milanówek
12%
Mazowieckie Mława
12%
Zachodniopomorskie Myślibórz
12%
Śląskie Myszków
12%
Warmińsko-mazurskie Nidzica
12%
Wielkopolskie Nowy Tomyśl
12%
Małopolskie Olkusz
12%
Lubelskie Opole Lubelskie
12%
Wielkopolskie Ostrzeszów
12%
Mazowieckie Ożarów Mazowiecki
12%
Lubelskie Parczew
12%
Pomorskie Pelplin
12%
Śląskie Pszczyna
12%
Łódzkie Rawa Mazowiecka
12%
Mazowieckie Sochaczew
12%
Kujawsko-pomorskie Solec Kujawski
12%
Wielkopolskie Środa Wielkopolska
12%
Dolnośląskie Strzelin
12%
Małopolskie Sucha Beskidzka
12%
Lubuskie Sulechów
12%
Wielkopolskie Swarzędz
12%
Mazowieckie Tłuszcz
12%
Lubelskie Tomaszów Lubelski
12%
Małopolskie Trzebinia
12%
Małopolskie Tuchów
12%
Wielkopolskie Turek
12%
Śląskie Wisła
12%
Wielkopolskie Wolsztyn
12%
Mazowieckie Ząbki
12%
Podlaskie Zambrów
12%
Pomorskie Żukowo
12%
Mazowieckie Żyrardów
12%
Lubelskie Biłgoraj
6%
Kujawsko-pomorskie Brodnica
6%
Podkarpackie Głogów Małopolski
6%
Mazowieckie Góra Kalwaria
6%
Warmińsko-mazurskie Górowo Iławeckie
6%
Dolnośląskie Jelcz-Laskowice
6%
Małopolskie Kęty
6%
Podkarpackie Kolbuszowa
6%
Wielkopolskie Kórnik
6%
Kujawsko-pomorskie Koronowo
6%
Dolnośląskie Kowary
6%
Lubelskie Kraśnik
6%
Małopolskie Krzeszowice
6%
Śląskie Łaziska Górne
6%
Małopolskie Libiąż
6%
Podkarpackie Lubaczów
6%
Lubelskie Łuków
6%
Dolnośląskie Lwówek Śląski
6%
Warmińsko-mazurskie Morąg
6%
Wielkopolskie Murowana Goślina
6%
Podkarpackie Nowa Dęba
6%
Dolnośląskie Piechowice
6%
Wielkopolskie Pleszew
6%
Mazowieckie Płońsk
6%
Wielkopolskie Pniewy
6%
Wielkopolskie Pobiedziska
6%
Mazowieckie Podkowa Leśna
6%
Pomorskie Prabuty
6%
Zachodniopomorskie Pyrzyce
6%
Śląskie Pyskowice
6%
Śląskie Radlin
6%
Śląskie Radzionków
6%
Mazowieckie Radzymin
6%
Lubelskie Radzyń Podlaski
6%
Śląskie Rydułtowy
6%
Łódzkie Rzgów
6%
Mazowieckie Serock
6%
Podlaskie Siemiatycze
6%
Mazowieckie Sierpc
6%
Pomorskie Skarszewy
6%
Mazowieckie Sokołów Podlaski
6%
Mazowieckie Sulejówek
6%
Dolnośląskie Syców
6%
Mazowieckie Tarczyn
6%
Zachodniopomorskie Wałcz
6%
Wielkopolskie Wronki
6%
Lubuskie Wschowa
6%
Mazowieckie Wyszków
6%
Opolskie Zawadzkie
6%
Mazowieckie Zielonka
6%
Mazowieckie Żuromin
6%
Kujawsko-pomorskie Barcin
0%
Warmińsko-mazurskie Barczewo
0%
Śląskie Bieruń
0%
Łódzkie Głowno
0%
Dolnośląskie Gryfów Śląski
0%
Śląskie Lędziny
0%
Śląskie Mikołów
0%
Opolskie Niemodlin
0%
Warmińsko-mazurskie Pasłęk
0%
Małopolskie Rabka-Zdrój
0%
Wielkopolskie Rogoźno
0%
Lubuskie Skwierzyna
0%
Wielkopolskie Stęszew
0%
Lubuskie Szprotawa
0%
Nie znaleziono quizów pasujących do podanych kryteriów
Rozkład punktacji
Procent ludzi z każdym wynikiem
Percentyl według liczby udzielonych odpowiedzi
Twoja historia wyników
Nie rozwiązałeś tego quizu